|
|
|
|
| LEADER |
00000cam a22000004a 4500 |
| 001 |
musev2_5498 |
| 003 |
MdBmJHUP |
| 005 |
20230905040643.0 |
| 006 |
m o d |
| 007 |
cr||||||||nn|n |
| 008 |
120411r20121989cc o 00 0 eng d |
| 020 |
|
|
|a 9789882200029
|
| 020 |
|
|
|z 9789622092488
|
| 035 |
|
|
|a (OCoLC)651008841
|
| 040 |
|
|
|a MdBmJHUP
|c MdBmJHUP
|
| 043 |
|
|
|a a-cc-hk
|
| 050 |
|
4 |
|a R690
|b .A34 1989
|
| 245 |
0 |
0 |
|a Achievements in Medicine 1974-1989 /
|c Department of Medicine, University of Hong Kong.
|
| 264 |
|
1 |
|a Hong Kong [China] :
|b Published for Dept. of Medicine, University of Hong Kong by Hong Kong University Press,
|c 1989.
|
| 264 |
|
3 |
|a Baltimore, Md. :
|b Project MUSE,
|c 2012
|
| 264 |
|
4 |
|c ©1989.
|
| 300 |
|
|
|a 1 online resource (110 pages):
|b ill., digital file.
|
| 336 |
|
|
|a text
|b txt
|2 rdacontent
|
| 337 |
|
|
|a computer
|b c
|2 rdamedia
|
| 338 |
|
|
|a online resource
|b cr
|2 rdacarrier
|
| 500 |
|
|
|a Issued as part of book collections on Project MUSE.
|
| 504 |
|
|
|a Publications of D. Todd: p. 11-17.
|
| 504 |
|
|
|a Includes bibliographical references.
|
| 505 |
0 |
|
|a Acknowledgements -- Contributors -- Tribute and biography -- Achievements in cardiology -- Achievements in clinical pharmacology -- Achievements in endocrinology -- Achievements in gastroenterology/hepatology -- Achievements in haematology/oncology -- Achievements in immunology/rheumatology -- Achievements in neurology -- Achievements in renal medicine -- Achievements in respiratory medicine -- Epilogue.
|
| 506 |
|
|
|a Access restricted to authorized users and institutions.
|
| 588 |
|
|
|a Description based on print version record.
|
| 600 |
1 |
0 |
|a Todd, David,
|d 1928-
|
| 650 |
|
0 |
|a Medical innovations
|z Hong Kong.
|
| 650 |
|
0 |
|a Medicine
|x Research
|z Hong Kong.
|
| 655 |
|
7 |
|a Electronic books.
|2 local
|
| 700 |
1 |
|
|a Todd, David,
|d 1928-
|
| 710 |
2 |
|
|a Project Muse.
|
| 710 |
2 |
|
|a University of Hong Kong.
|b Dept. of Medicine.
|
| 776 |
1 |
8 |
|i Print version:
|z 9622092489
|z 9789622092488
|
| 710 |
2 |
|
|a Project Muse.
|e distributor
|
| 830 |
|
0 |
|a Book collections on Project MUSE.
|
| 856 |
4 |
0 |
|z Texto completo
|u https://projectmuse.uam.elogim.com/book/5498/
|
| 945 |
|
|
|a Project MUSE - Custom Collection
|
| 945 |
|
|
|a Project MUSE - Archive Complete Foundation
|
| 945 |
|
|
|a Project MUSE - Archive History Foundation
|